| 000 | 00352 a2200133 4500 | ||
|---|---|---|---|
| 000 | nam a22 7a 4500 | ||
| 100 | _a Ramesh Kait | ||
| 110 | _a Ramesh Kait | ||
| 245 | _aData Analytics : Principles, Tool and Practices | ||
| 250 | _alatest edition | ||
| 260 |
_bThe Readers Paradise _c2026 |
||
| 264 |
_bThe Readers Paradise _c2026 |
||
| 942 | _cBK | ||
| 999 |
_c396855 _d396855 |
||